| 000 | 01092nac a22003377a 4500 | ||
|---|---|---|---|
| 001 | BR8301833 | ||
| 003 | BR-BrBNA | ||
| 005 | 20240105115647.0 | ||
| 008 | 230509b bl.|||m| |||| 00| 0 por d | ||
| 040 |
_aBR-BrBNA _bpor _cBiblioteca Nacional de Agricultura |
||
| 072 | _aL10 | ||
| 090 | _a6100 BR8301833 | ||
| 100 | 1 | _aResende, O. de A. | |
| 100 | 1 | _aMonteiro, J.M.L. | |
| 100 | 1 | _aSantos, M.W. dos | |
| 100 | 1 | _aDias, P.G. de O. | |
| 100 | 1 | _aSouza, S.O. de | |
| 110 | 1 | _aEmpresa de Pesquisa Agropecuaria do Estado do Rio de Janeiro, Niteroi (Brasil) | |
| 245 | 1 | _aInseminacao artificial em galinhas [reproducao animal] | |
| 260 | 3 |
_aNiteroi, RJ (Brasil): _c1983. |
|
| 300 | _a28 p. | ||
| 490 |
_aBoletim Tecnico - Empresa de Pesquisa Agropecuaria do Estado do Rio de Janeiro (Brazil) _vno. 6 _x |
||
| 500 | _a8 illus.; 34 ref.; Summaries (En, Pt) | ||
| 650 | _aGALINHA | ||
| 650 | _aINSEMINACAO ARTIFICIAL | ||
| 650 | _aREPRODUTOR | ||
| 650 | _aMANEJO | ||
| 650 | _aFERTILIDADE ANIMAL | ||
| 909 |
_a202312 _bLúcia Elande _c55 _dLúcia Elande |
||
| 942 |
_2AGRIS _n0 _cMS |
||
| 999 |
_c275793 _d275793 |
||